Экспериментальное исследование параметров зажигания торфа в условиях его промышленного складирования; Известия Томского политехнического университета [Известия ТПУ]; Т. 321, № 4 : Энергетика
| Parent link: | Известия Томского политехнического университета [Известия ТПУ]/ Томский политехнический университет (ТПУ).— , 2000- Т. 321, № 4 : Энергетика.— 2012.— [С. 15-20] |
|---|---|
| Autore principale: | |
| Altri autori: | |
| Riassunto: | Заглавие с титульного листа Электронная версия печатной публикации Определены истинные теплофизические характеристики торфа и конденсированных продуктов его термического разложения (кокса, золы). Установлено критическое значение влажности торфа, при котором может произойти его возгорание. Найдены зависимости времени зажигания и начальной температуры источника зажигания от влажности торфа. |
| Lingua: | russo |
| Pubblicazione: |
2012
|
| Serie: | Энергетика |
| Soggetti: | |
| Accesso online: | http://earchive.tpu.ru/bitstream/11683/4446/1/bulletin_tpu-2012-321-4-04.pdf |
| Natura: | MixedMaterials Elettronico Capitolo di libro |
| KOHA link: | https://koha.lib.tpu.ru/cgi-bin/koha/opac-detail.pl?biblionumber=231528 |
MARC
| LEADER | 00000nla2a2200000 4500 | ||
|---|---|---|---|
| 001 | 231528 | ||
| 005 | 20240110144814.0 | ||
| 035 | |a (RuTPU)RU\TPU\book\252550 | ||
| 035 | |a RU\TPU\book\252549 | ||
| 090 | |a 231528 | ||
| 100 | |a 20130201d2012 k y0rusy50 ca | ||
| 101 | 0 | |a rus | |
| 102 | |a RU | ||
| 135 | |a drnn ---uucaa | ||
| 181 | 0 | |a i | |
| 182 | 0 | |a b | |
| 200 | 1 | |a Экспериментальное исследование параметров зажигания торфа в условиях его промышленного складирования |f Р. Н. Кулеш, А. Н. Субботин | |
| 203 | |a Текст |c электронный | ||
| 215 | |a 1 файл (345 Кб) | ||
| 225 | 1 | |a Энергетика | |
| 300 | |a Заглавие с титульного листа | ||
| 300 | |a Электронная версия печатной публикации | ||
| 320 | |a [Библиогр.: с. 20 (10 назв.)] | ||
| 330 | |a Определены истинные теплофизические характеристики торфа и конденсированных продуктов его термического разложения (кокса, золы). Установлено критическое значение влажности торфа, при котором может произойти его возгорание. Найдены зависимости времени зажигания и начальной температуры источника зажигания от влажности торфа. | ||
| 337 | |a Adobe Reader | ||
| 461 | 1 | |0 (RuTPU)RU\TPU\book\176237 |t Известия Томского политехнического университета [Известия ТПУ] |f Томский политехнический университет (ТПУ) |d 2000- | |
| 463 | 1 | |0 (RuTPU)RU\TPU\book\251719 |x 1684-8519 |t Т. 321, № 4 : Энергетика |v [С. 15-20] |d 2012 |p 204 с. | |
| 610 | 1 | |a торф | |
| 610 | 1 | |a зажигание | |
| 610 | 1 | |a влажность | |
| 610 | 1 | |a физические параметры | |
| 610 | 1 | |a кинетические параметры | |
| 610 | 1 | |a промышленное складирование | |
| 610 | 1 | |a теплофизические характеристики | |
| 610 | 1 | |a кокс | |
| 610 | 1 | |a зола | |
| 610 | 1 | |a термическое разложение | |
| 610 | 1 | |a возгорания | |
| 610 | 1 | |a труды учёных ТПУ | |
| 610 | 1 | |a электронный ресурс | |
| 700 | 1 | |a Кулеш |b Р. Н. |c специалист в области теплотехники |c доцент Томского политехнического университета, кандидат технических наук |f 1983- |g Роман Николаевич |3 (RuTPU)RU\TPU\pers\27725 |9 12799 | |
| 701 | 1 | |a Субботин |b А. Н. |c специалист в области теплотехники |c доцент Томского политехнического университета, кандидат физико-математических наук |f 1945- |g Александр Николаевич |3 (RuTPU)RU\TPU\pers\28095 | |
| 801 | 1 | |a RU |b 63413507 |c 20090623 |g PSBO | |
| 801 | 2 | |a RU |b 63413507 |c 20220114 |g PSBO | |
| 856 | 4 | |u http://earchive.tpu.ru/bitstream/11683/4446/1/bulletin_tpu-2012-321-4-04.pdf | |
| 942 | |c CF | ||